000 01039nam a2200289 i 4500
003 DO-SdBNP
005 20260511162456.0
007 ta
008 260506b2025 pr a|||| |||| 00| 0 spa d
020 _a9789945637847
040 _aDO-SdBNP
_bspa
_cBNPHU
_erda
041 _aspa
082 4 _aB654c
_222
100 1 _aBlonda, Marcos A.,
_d1967
_eautor
_4aut.
_989491
245 1 3 _aLa ciudad como texto :
_bRepresentación de Santo Domingo en la literatura de los siglos XX y XXI /
_cMarcos A, Blonda; corrección, Ubaldo Arias Tobar
250 _aprimera edición
264 4 _aSan Juan, Puerto Rico:
_bEditorial Isla Negra,
_c©2025.
300 _a224 páginas ;
_bilustraciones
_c23 cm.
336 _atexto
_btxt
_2rdacontent
337 _asin mediación
_bn
_2rdamedia
338 _avolumen
_bnc
_2rdacarrier
500 _aIncluye datos biográficos del autor en las solpas
590 _aInventariado, 2026 /Adalgisa González
700 _aArias Tobar, Ubaldo,
_ecorrector
_4corr.
_989493
910 _aAGonzález
942 _2ddc
_cLBS1
999 _c60681
_d60681